000
00267nam a2200133Ia 4500
100
_a
Poorman
942
_c
BK
654
_a
Mechanics
245
_a
Applied Mechanics.
260
_b
McGraw Hill
_a
Anand
_c
2000
082
_a
620.1
300
_a
388
546
_a
ENGLISH
999
_c
25661
_d
25661